Normal view
MARC view
- Edwards, Holly
Entry Personal Name
001 - CONTROL NUMBER
- control field: 122007
003 - CONTROL NUMBER IDENTIFIER
- control field: NUST
005 - DATE AND TIME OF LATEST TRANSACTION
- control field: 20240307152216.0
008 - FIXED-LENGTH DATA ELEMENTS
- fixed length control field: 240307|| aca||aabn | a|a d
040 ## - CATALOGING SOURCE
- Original cataloging agency: NUST
- Transcribing agency: NUST
100 ## - HEADING--PERSONAL NAME
- Personal name: Edwards, Holly
670 ## - SOURCE DATA FOUND
- Source citation: Work cat.: (NUST)0: Edwards, Holly, author., Of brick and myth :
